| 000 | 00391nam a2200145Ia 4500 | ||
|---|---|---|---|
| 008 | 230312s9999||||xx |||||||||||||| ||und|| | ||
| 082 |
_a650 _bNAS-I |
||
| 100 | _aNasir,M.Saeed | ||
| 245 | 0 | _aIntroduction to Business | |
| 260 |
_bImtiaz Book Depot _aPakistan _c2009 |
||
| 300 | _a296 | ||
| 546 | _aEng. | ||
| 650 |
_aAccounting _vNature and Scope of Business,Sole Proprietorship |
||
| 942 | _cBK | ||
| 999 |
_c1305 _d1305 |
||